01556cam a22002898a 45000010009000000050017000090080041000260100017000670200024000840200024001080200024001320400013001560500021001690820019001902450058002092600038002672630009003053000019003145050571003336500053009046500062009576500065010197000022010849420012011069990017011189520131011351514172920080115161803.0080114s2008 nyu 000 0 eng  a 2007052724 a9780415429054 (hbk) a9780415429061 (pbk) a9780203894675 (ebk) aDLCcDLC00aHV713b.R44 200800a362.7222bREF00aReforming child protection /cBob Lonne ... [et al.]. aNew York, NY :bRoutledge,c2008. a0806 a213p.;c22 cm.0 aReforming child protection : principles and themes of effective child, family and community well-being -- The chequered history of contemporary child protection practice -- Differential responses and changing social mandates -- The troubled state of organizational environments -- Service users and stakeholders -- Reforming child protection : principles and processes -- A new ethical and practice framework -- Effective organizational and service delivery models -- Planning and implementing change -- Change and the future of child and family well-being practice. 0aChild welfarezEnglish-speaking countries.95649 0aChildrenxServices forzEnglish-speaking countries.95650 0aSocial work with childrenzEnglish-speaking countries.956511 aLonne, Bob.95652 2ddccBB c11696d11696 00102ddc40708AlahramaMAINbMAINc1STd2009-05-31epurchaseg248.50h355l0o362.7 REFp000016493r2025-07-15 00:00:00yBB